Nejkrásnější vánoční příběhy /

Hlavní autor: Pacnerová, Jana, 1955-
Další autoři: Crismer, Liliane
Jazyk: Čeština
Vydáno: Praha : Ottovo nakladatelství, 2013
Témata:
Fyzický popis: 100 s. : barev. il. ; 26 cm
Knihy
Uloženo v:
LEADER 01334cam a2200373 a 4500
001 nkc20122428451
003 CZ PrNK
005 20130708133024.0
007 ta
008 121128s2013 xr a a 000 j cze d
015 |a cnb002428451 
020 |a 978-80-7451-227-8  |q (váz.) 
035 |a (OCoLC)842343236 
040 |a ULG001  |b cze  |d ABA001 
041 1 |a cze  |h fre 
072 7 |a 821-93  |x Literatura pro děti a mládež (beletrie)  |2 Konspekt  |9 26 
080 |a 821-93  |2 MRF 
080 |a 821-32  |2 MRF 
080 |a (0:82-32)  |2 MRF 
100 1 |a Pacnerová, Jana,  |d 1955-  |7 jn20000810168  |4 aut 
245 1 0 |a Nejkrásnější vánoční příběhy /  |c text Jana Pacnerová ; ilustrace Liliane Crismer ; [z francouzského originálu ... převyprávěla Jana Pacnerová] 
260 |a Praha :  |b Ottovo nakladatelství,  |c 2013 
300 |a 100 s. :  |b barev. il. ;  |c 26 cm 
655 7 |a příběhy  |7 fd133204  |2 czenas 
655 7 |a publikace pro děti  |7 fd133156  |2 czenas 
655 9 |a stories  |2 eczenas 
655 9 |a children's literature  |2 eczenas 
700 1 |a Crismer, Liliane  |7 xx0070174  |4 ill 
765 0 |t Sur les pas du Pére Noël  |9 Česky 
910 2 |a BOA001  |b 3-1306.825 
990 |a BK 
995 |a 01 
991 |b 201307  |e db 
996 6 |b 2610553461  |c 3-1306.825  |l MZK  |r Sklad / do 1 hodiny  |n 0  |p p.v.  |w 001338106  |u 000010  |a 1  |e BOA001  |j MZK50  |s P